Методы и технические средства исследования идентификации объектов с распределенными параметарми: учебное пособие

Detalles Bibliográficos
Autor Principal: Дилигенский Н. В.
Autor Corporativo: Куйбышевский политехнический институт им. В. В. Куйбышева
Outros autores: Камаев Ю. П.
Idioma:ruso
Publicado: Куйбышев, [Б. и.], 1977
Subjects:
Formato: Libro
KOHA link:https://koha.lib.tpu.ru/cgi-bin/koha/opac-detail.pl?biblionumber=377470

MARC

LEADER 00000nam0a2200000 4500
001 377470
005 20231102012923.0
035 |a (RuTPU)RU\TPU\retro\34921 
090 |a 377470 
100 |a 20230314d1977 m y0rusy50 ca 
101 0 |a rus 
102 |a RU 
105 |a a j 001zy 
200 1 |a Методы и технические средства исследования идентификации объектов с распределенными параметарми  |e учебное пособие  |f Н. В. Дилигенский, Ю. П. Камаев  |g Куйбышевский политехнический институт им. В. В. Куйбышева 
210 |a Куйбышев  |c [Б. и.]  |d 1977 
215 |a 79 с.  |c ил. 
320 |a Библиогр.: с. 77 
606 1 |a Теплопроводность  |x Математические методы  |2 stltpush  |3 (RuTPU)RU\TPU\subj\71522  |9 85398 
610 1 |a температурные поля 
610 1 |a теплоисточники 
610 1 |a переменные 
610 1 |a учебные пособия 
675 |a 536.2(075.8)  |v 4 
700 1 |a Дилигенский  |b Н. В. 
701 1 |a Камаев  |b Ю. П. 
712 0 2 |a Куйбышевский политехнический институт им. В. В. Куйбышева  |c (1962-1991)  |2 stltpush  |3 (RuTPU)RU\TPU\col\320  |9 23347 
801 1 |a RU  |b 63413507  |c 20230314 
942 |c BK